| Tag |
First Indicator |
Second Indicator |
Subfields |
| LEADER |
00000cam a2200000 4500 |
| 001 |
in00000307996 |
| 005 |
20151010140533.0 |
| 008 |
690925r19681844enk 00010 eng d |
| 010 |
|
|
|a 68114345
|
| 015 |
|
|
|a B68-10940
|
| 035 |
|
|
|a (OCoLC)00022452
|
| 035 |
|
|
|9 ABH2194AM
|
| 037 |
|
|
|c 50/-
|
| 040 |
|
|
|a DLC
|c DLC
|d TXA
|d UtOrBLW
|
| 049 |
|
|
|a TXAM
|c [480963]
|
| 050 |
0 |
0 |
|a DA625
|b .K78 1968a
|
| 082 |
0 |
|
|a 914.2/04/81
|
| 100 |
1 |
|
|a Kohl, J. G.
|q (Johann Georg),
|d 1808-1878.
|
| 245 |
1 |
0 |
|a England and Wales /
|c [by] J. G. Kohl.
|
| 250 |
|
|
|a [1st ed., new impression].
|
| 264 |
|
1 |
|a London :
|b Cass,
|c 1968.
|
| 300 |
|
|
|a 5 unnumbered pages, 202 pages ;
|c 23 cm.
|
| 336 |
|
|
|a text
|b txt
|2 rdacontent
|
| 337 |
|
|
|a unmediated
|b n
|2 rdamedia
|
| 338 |
|
|
|a volume
|b nc
|2 rdacarrier
|
| 490 |
0 |
|
|a Cass library of industrial classics, no. 19
|
| 500 |
|
|
|a First published in 1844.
|
| 500 |
|
|
|a Imprint covered by label: New York, A. M. Kelly, 1968.
|
| 651 |
|
0 |
|a England
|x Description and travel.
|
| 651 |
|
0 |
|a Wales
|x Description and travel.
|
| 999 |
|
|
|a MARS
|
| 999 |
f |
f |
|s 0660c0d1-bab6-30c0-a0dc-bfe5310be8f5
|i b67ba25e-c5cb-3df1-9c13-481a58837570
|t 0
|
| 952 |
f |
f |
|p ric
|a Texas A&M University
|b Rellis Campus
|c Joint Library Facility
|d Remote Storage
|t 0
|e DA625 .K78 1968a
|h Library of Congress classification
|i unmediated -- volume
|m A14801938805
|
| 998 |
f |
f |
|a DA625 .K78 1968a
|t 0
|l Remote Storage
|